| 000 | 01051cam a22002771 4500 | ||
|---|---|---|---|
| 001 | e 50000039 | ||
| 003 | DLC | ||
| 005 | 20260227111234.0 | ||
| 008 | 880308s1950 kyu s000 0 eng | ||
| 010 | _ae 50000039 | ||
| 035 | _a(OCoLC)17597758 | ||
| 040 |
_aDLC _cDNIE _dAU _dDLC |
||
| 042 | _apremarc | ||
| 043 | _an-us-ky | ||
| 050 | 0 | 0 |
_aL152 _b.B35 vol. 18, no. 5 |
| 100 | 1 | _aBurress, Nona. | |
| 245 | 1 | 0 |
_aToward better teaching; _ba report on how a district education association through a work group conference initiates an in-service program for the improvement of teaching _c[prepared by Nona Burress and Louise Combs] |
| 260 |
_aFrankfort, _bDept. of Education, _c1950. |
||
| 300 |
_a[527]-595 p. _c23 cm. |
||
| 490 | 1 |
_aKentucky. Dept. of Education. Educational bulletin, _vv. 18, no. 5 |
|
| 500 | _aCover title. | ||
| 650 | 0 |
_aTeachers _xTraining of _zKentucky. |
|
| 650 | 0 |
_aEducation _zKentucky. |
|
| 700 | 1 |
_aCombs, Louise, _ejoint author. |
|
| 810 | 1 | 0 |
_aKentucky. _bDepartment of Education. _tEducational bulletin, _vv. 18, no. 5. |
| 999 |
_c22138 _d22138 |
||